000 00246nam a2200097Ia 4500
001 640764
005 20250826153453.0
008 250824s9999 xx 000 0 und d
245 0 _aKORKUSUZ CENGAVER
_cAHMET YILMAZ BOYUNAĞA
260 _bGENÇ TİMAŞ
999 _c640764
_d640764